| 000 | 00480cam a2200193ua 4500 | ||
|---|---|---|---|
| 001 | 1440 | ||
| 005 | 20260515113332.0 | ||
| 008 | 111126n ii |||gr||||Z||||||eng | ||
| 040 | _cMAIN | ||
| 082 | _a338.642 | ||
| 100 |
_aArshad, _eAuthor. |
||
| 245 | 1 |
_aGuide to small scale industries _cby Arshad |
|
| 250 | _a1st. | ||
| 260 |
_aNew Delhi: _bA kumar publication. |
||
| 300 | _aii; 255p:9cm. | ||
| 653 | _aEconomics | ||
| 653 | _aguide to small scale industries | ||
| 942 | _cBK | ||
| 999 |
_c1330 _d1330 |
||